Introducción a la econometría
Salvato in:
| Autore principale: | |
|---|---|
| Natura: | Libro |
| Lingua: | spagnolo |
| Pubblicazione: |
Ciudad de México
Fondo de Cultura Económica
1964
|
| Edizione: | 1a. ed |
| Soggetti: | |
| Tags: |
Aggiungi Tag
Nessun Tag, puoi essere il primo ad aggiungerne!!
|
MARC
| LEADER | 00000nam a2200000 a 4500 | ||
|---|---|---|---|
| 001 | UCK1308 | ||
| 003 | CL-VaPUC | ||
| 008 | 041112e19640000MX |||||||||||||||||spa|d | ||
| 082 | 0 | 4 | |a 330.015195 |b LAN |2 21 |
| 100 | |a Lange, Oskar |e author |9 527754 | ||
| 245 | 1 | 0 | |a Introducción a la econometría |
| 250 | |a 1a. ed | ||
| 300 | |a 348 p | ||
| 942 | |c BK | ||
| 945 | |d 20041112 00:00:00 |a vberengu | ||
| 260 | |a Ciudad de México |b Fondo de Cultura Económica |c 1964 | ||
| 650 | 0 | |a Econometría |9 261029 | |
| 583 | |a last modification |c 20041112 00:00:00 |k Rodrigo Vera | ||
| 999 | |c 311285 |d 311283 | ||
| 952 | |0 0 |1 0 |4 0 |6 330_015195000000000_LAN_1964 |7 0 |8 P |9 380637 |a BIBGIM |b BIBGIM |d 2019-11-21 |i 4076664 |o 330.015195 LAN 1964 |p 4076664 |r 2025-01-15 |w 2019-11-21 |y BK |k GIM | ||